[Event "Guernsey Open"]
[Site "Guernsey GCI"]
[Date "2007.10.22"]
[Round "2"]
[White "Heath, Jeffrey"]
[Black "Dennis, Nigel W"]
[Result "1/2-1/2"]
[WhiteElo "1930"]
[BlackElo "2005"]
[PlyCount "50"]
[EventDate "2006.10.15"]
[SourceDate "2006.10.28"]

1. e4 c5 2. Nf3 e6 3. d3 d5 4. Nbd2 dxe4 5. dxe4 Nc6 6. g3 e5 7. Bg2 Nf6 8. O-O
Be7 9. Re1 O-O 10. a4 Bg4 11. c3 Qd7 12. Qc2 Bh3 13. Nc4 Bxg2 14. Kxg2 Qc7 15.
h3 Rfd8 16. Be3 Rd7 17. Rad1 Rad8 18. Rxd7 Rxd7 19. Re2 a6 20. Rd2 b5 21. Rxd7
Nxd7 22. axb5 axb5 23. Ncd2 c4 24. b3 cxb3 25. Qxb3 b4 1/2-1/2

[Event "Guernsey Open"]
[Site "Guernsey GCI"]
[Date "2007.10.22"]
[Round "2"]
[White "Guttridge, David"]
[Black "Grant, David"]
[Result "1-0"]
[WhiteElo "2001"]
[BlackElo "1924"]
[PlyCount "55"]
[EventDate "2006.10.15"]
[SourceDate "2006.10.28"]

1. e4 c5 2. Nc3 Nc6 3. g3 g6 4. Bg2 Bg7 5. d3 d6 6. Nge2 e6 7. O-O Nge7 8. Be3
O-O 9. Qd2 Re8 10. f4 Qa5 11. Nd1 Qxd2 12. Bxd2 b6 13. Rb1 Ba6 14. f5 exf5 15.
exf5 Nxf5 16. Bxc6 Rxe2 17. Bxa8 Rxd2 18. Be4 Bd4+ 19. Kh1 Rxc2 20. Rf3 d5 21.
Bxf5 gxf5 22. Ne3 Rd2 23. Nf1 Rxd3 24. Rf4 c4 25. Re1 Bxb2 26. Ne3 c3 27. Nxf5
Bb5 28. Rg4+ 1-0

[Event "Guernsey Open"]
[Site "Guernsey GCI"]
[Date "2007.10.22"]
[Round "2"]
[White "Reutimann, Hans Peter"]
[Black "Spanton, Timothy R"]
[Result "0-1"]
[WhiteElo "1787"]
[BlackElo "1985"]
[PlyCount "50"]
[EventDate "2006.10.15"]
[SourceDate "2006.10.28"]

1. d4 d5 2. Nf3 Nc6 3. Bf4 e6 4. e3 Bd6 5. Ne5 Nge7 6. Nd2 f6 7. Nd3 Ng6 8. Bg3
e5 9. c3 O-O 10. Be2 Be6 11. Nc5 Bxc5 12. dxc5 f5 13. f4 Qe7 14. b4 d4 15. Nf3
exf4 16. exf4 Bc4 17. Ne5 Ngxe5 18. fxe5 Nxe5 19. O-O d3 20. Bf3 f4 21. Bxf4
Rxf4 22. Bd5+ Bxd5 23. Rxf4 Qg5 24. g3 Rf8 25. Rxf8+ Kxf8 0-1

[Event "Guernsey Open"]
[Site "Guernsey GCI"]
[Date "2007.10.22"]
[Round "2"]
[White "Brookfield, Toby"]
[Black "Morcom, Huw C"]
[Result "0-1"]
[WhiteElo "1709"]
[BlackElo "1978"]
[PlyCount "66"]
[EventDate "2006.10.15"]
[SourceDate "2006.10.28"]

1. e4 c5 2. Nf3 d6 3. d4 cxd4 4. Nxd4 Nf6 5. Nc3 a6 6. f4 Qc7 7. Bd3 g6 8. h3
Bg7 9. Be3 O-O 10. Nf3 Nbd7 11. O-O b5 12. Qe1 Bb7 13. Qh4 b4 14. Na4 Bxe4 15.
Bxe4 Nxe4 16. Rac1 Ndf6 17. f5 Qc6 18. b3 Rab8 19. fxg6 hxg6 20. Ng5 Nxg5 21.
Bxg5 Rb5 22. Rfe1 Qd5 23. Be3 Qh5 24. Qc4 Nd5 25. Bd2 Bf6 26. Re4 Nc3 27. Rg4
Nxa2 28. Rf1 Nc3 29. Nxc3 bxc3 30. Be3 d5 31. Qc6 d4 32. Rxf6 exf6 33. Qxf6
dxe3 0-1

[Event "Guernsey Open"]
[Site "Guernsey GCI"]
[Date "2007.10.22"]
[Round "2"]
[White "Van Ingen, Ton"]
[Black "Goman, Colin"]
[Result "1-0"]
[WhiteElo "1970"]
[BlackElo "1885"]
[PlyCount "67"]
[EventDate "2006.10.15"]
[SourceDate "2006.10.28"]

1. d4 d6 2. c4 Nf6 3. Nf3 g6 4. Nc3 Bg7 5. e4 O-O 6. Be2 c5 7. d5 e6 8. Bg5 Qa5
9. O-O Ne8 10. Be7 Bxc3 11. bxc3 Qxc3 12. Bxf8 Kxf8 13. Rb1 b6 14. Rb3 Qg7 15.
Qd2 e5 16. Qg5 f6 17. Qg3 Nd7 18. Nh4 Qf7 19. Bg4 Ng7 20. f4 Ke7 21. Rbf3 exf4
22. Rxf4 g5 23. Nf5+ Nxf5 24. Rxf5 h5 25. Be2 h4 26. Qxg5 Qh7 27. Qf4 Ba6 28.
Rxf6 Ne5 29. Rh6 Qg7 30. Qxh4+ Ke8 31. Rh8+ Kd7 32. Rxa8 Nf3+ 33. Bxf3 Qd4+ 34.
Kh1 1-0

[Event "Guernsey Open"]
[Site "Guernsey GCI"]
[Date "2007.10.23"]
[Round "3"]
[White "Bellin, Robert"]
[Black "Bolt, Graham"]
[Result "1/2-1/2"]
[WhiteElo "2400"]
[BlackElo "2097"]
[PlyCount "39"]
[EventDate "2006.10.15"]
[SourceDate "2006.10.28"]

1. e4 c5 2. Nf3 Nc6 3. Bb5 g6 4. O-O Bg7 5. c3 e5 6. d4 cxd4 7. cxd4 exd4 8.
Bf4 Nge7 9. Bd6 O-O 10. Nbd2 a6 11. Bc4 b5 12. Bd5 h6 13. a4 bxa4 14. Re1 Re8
15. Ba2 Qb6 16. Nc4 Qa7 17. Ba3 a5 18. Nd6 Rf8 19. Qxa4 Ba6 20. Rad1 1/2-1/2

[Event "Guernsey Open"]
[Site "Guernsey GCI"]
[Date "2007.10.23"]
[Round "3"]
[White "Tan, HB."]
[Black "Ravikumar, Vaidyanathan"]
[Result "0-1"]
[WhiteElo "2086"]
[BlackElo "2350"]
[PlyCount "60"]
[EventDate "2006.10.15"]
[SourceDate "2006.10.28"]

1. e4 c5 2. d4 cxd4 3. c3 d3 4. Bxd3 Nc6 5. Nf3 d6 6. h3 Nf6 7. O-O a6 8. a4 g6
9. Be3 Bg7 10. Na3 d5 11. Nd2 O-O 12. f4 dxe4 13. Nxe4 Nd5 14. Bc1 Qb6+ 15. Kh1
Rd8 16. Nc4 Qc7 17. Qf3 e6 18. a5 Bd7 19. Be3 Nxe3 20. Qxe3 Be8 21. Nb6 Rab8
22. Bc4 Ne7 23. Rad1 Nf5 24. Qf2 Bc6 25. Ng3 Nh4 26. Rxd8+ Rxd8 27. Rg1 Bf8 28.
Nh5 Nf5 29. Nf6+ Kg7 30. Ng4 Bc5 0-1

[Event "Guernsey Open"]
[Site "Guernsey GCI"]
[Date "2007.10.23"]
[Round "3"]
[White "Epishin, Vladimir"]
[Black "Goris, AA."]
[Result "1-0"]
[WhiteElo "2578"]
[BlackElo "2056"]
[PlyCount "61"]
[EventDate "2006.10.15"]
[SourceDate "2006.10.28"]

1. c4 Nf6 2. Nc3 e6 3. Nf3 c5 4. g3 d5 5. cxd5 exd5 6. d4 Nc6 7. Bg2 Be7 8. O-O
O-O 9. b3 b6 10. Bb2 Bb7 11. Rc1 Re8 12. e3 Ne4 13. dxc5 Nxc3 14. Bxc3 bxc5 15.
Qd2 Qb6 16. Qb2 Bf8 17. Rfd1 Rad8 18. Rd2 Rd6 19. Rcd1 Red8 20. h4 f6 21. h5
Ne7 22. b4 c4 23. h6 g6 24. Bd4 Qc6 25. b5 Qc8 26. Bxf6 c3 27. Bxc3 Bxh6 28.
Be5 R6d7 29. Nd4 Nf5 30. Rc2 Qa8 31. Nc6 1-0

[Event "Guernsey Open"]
[Site "Guernsey GCI"]
[Date "2007.10.23"]
[Round "3"]
[White "Kirby, Peter J"]
[Black "Hillarp Persson, Tiger"]
[Result "0-1"]
[WhiteElo "2055"]
[BlackElo "2567"]
[PlyCount "104"]
[EventDate "2006.10.15"]
[SourceDate "2006.10.28"]

1. e4 c5 2. Nf3 d6 3. Bb5+ Nd7 4. c3 Ngf6 5. Qe2 a6 6. Ba4 Qc7 7. O-O c4 8. Bc2
e5 9. b3 b5 10. Na3 Nb6 11. Bb2 Be7 12. d4 cxd3 13. Bxd3 Bb7 14. Rac1 Nbd7 15.
Nd2 Nc5 16. f3 d5 17. Rfe1 Nxd3 18. Qxd3 dxe4 19. Nxe4 Bxe4 20. fxe4 Qb6+ 21.
Kf1 Ng4 22. Qg3 Qf6+ 23. Ke2 Qg6 24. Kf3 Qf6+ 25. Ke2 Qe6 26. h3 Nf6 27. Qf3
O-O 28. Nc2 Bc5 29. Ba3 Bxa3 30. Nxa3 Rac8 31. Nb1 g6 32. Rcd1 Nh5 33. Kd2 a5
34. Kc2 a4 35. Rd5 axb3+ 36. axb3 b4 37. Red1 Nf4 38. Rd6 Qe7 39. c4 Ra8 40.
Rd7 Qc5 41. Kc1 Ra2 42. R7d2 Rxd2 43. Rxd2 Kg7 44. g4 Qe7 45. Kd1 Ra8 46. Ke1
Ra1 47. Rd1 Qh4+ 48. Kf1 Nxh3 49. Kg2 Nf4+ 50. Kg1 Ra2 51. Rd2 Qe1+ 52. Qf1
Qe3+ 0-1

[Event "Guernsey Open"]
[Site "Guernsey GCI"]
[Date "2007.10.23"]
[Round "3"]
[White "Adair, James"]
[Black "Cornelisse, Johnny JA"]
[Result "0-1"]
[WhiteElo "2044"]
[BlackElo "2187"]
[PlyCount "92"]
[EventDate "2006.10.15"]
[SourceDate "2006.10.28"]

1. e4 e5 2. Nf3 Nc6 3. Bb5 a6 4. Ba4 Nf6 5. O-O Be7 6. Qe2 b5 7. Bb3 O-O 8. c3
d6 9. Rd1 Bg4 10. h3 Bh5 11. d3 Qd7 12. Nbd2 Rfe8 13. Nf1 Rad8 14. Ng3 Bg6 15.
a4 Bf8 16. axb5 axb5 17. Bg5 Ra8 18. Nh4 Na5 19. Ba2 Be7 20. Rf1 c6 21. Rad1
Nb7 22. Bb1 Nc5 23. Nhf5 Ne6 24. Be3 Bf8 25. d4 Qb7 {(=)} 26. Qd2 Red8 27. f4
exf4 28. Bxf4 Nxf4 29. Qxf4 b4 30. Bd3 bxc3 31. bxc3 Qb2 32. Ne2 Ra2 33. Bc4
Ra5 34. Rd2 Qb6 35. Bd3 c5 36. Rb1 Qa7 37. Rdb2 Ra1 38. Rxa1 Qxa1+ 39. Rb1 Qa2
40. Rb7 c4 41. Nh6+ gxh6 42. Qxf6 Re8 43. Nf4 Bg7 44. Qxd6 cxd3 45. Qd7 Rf8 46.
Nxd3 Bxe4 0-1

[Event "Guernsey Open"]
[Site "Guernsey GCI"]
[Date "2007.10.23"]
[Round "3"]
[White "Lewyk, Ivor"]
[Black "Twitchell, David"]
[Result "1/2-1/2"]
[WhiteElo "2105"]
[BlackElo "1982"]
[PlyCount "69"]
[EventDate "2006.10.15"]
[SourceDate "2006.10.28"]

1. Nf3 Nf6 2. d4 d5 3. e3 c5 4. b3 Nc6 5. Bb2 Bf5 6. c3 e6 7. Bb5 Rc8 8. O-O
Be7 9. Ne5 O-O 10. Nxc6 bxc6 11. Bd3 Bxd3 12. Qxd3 cxd4 13. cxd4 c5 14. dxc5
Bxc5 15. Nd2 Qe7 16. a3 Rc7 17. Rfc1 Rfc8 18. b4 Bd6 19. Nb3 Ne4 20. g3 Qg5 21.
Kg2 h5 22. Nd2 Nxd2 23. Qxd2 Qf5 24. Rxc7 Rxc7 25. Rc1 Rxc1 26. Qxc1 h4 27. f3
h3+ 28. Kf2 Be5 29. Bxe5 Qxe5 30. Ke2 d4 31. e4 Qb5+ 32. Kd2 Qh5 33. Ke2 Qb5+
34. Kd2 Qh5 35. Ke2 1/2-1/2

[Event "Guernsey Open"]
[Site "Guernsey GCI"]
[Date "2007.10.23"]
[Round "3"]
[White "Reijneveld, Ad"]
[Black "Franklin, Sam"]
[Result "1-0"]
[WhiteElo "2175"]
[BlackElo "1917"]
[PlyCount "51"]
[EventDate "2006.10.15"]
[SourceDate "2006.10.28"]

1. Nc3 c5 2. Nf3 g6 3. d4 Nf6 4. dxc5 Bg7 5. g3 O-O 6. Bg2 Qc7 7. O-O Qxc5 8.
Bg5 Qf5 9. e4 Qc5 10. e5 Ng4 11. Qd5 Qb4 12. a3 Qxb2 13. Nb5 e6 14. Qd3 Nxe5
15. Nxe5 Qxe5 16. Bf4 Qh5 17. Nc7 Bxa1 18. Rxa1 e5 19. g4 Qh4 20. Bxe5 Nc6 21.
Bd6 Qf6 22. Re1 Rb8 23. Ne8 Qd4 24. Qxd4 Nxd4 25. Bxb8 Nxc2 26. Rc1 1-0

[Event "Guernsey Open"]
[Site "Guernsey GCI"]
[Date "2007.10.23"]
[Round "3"]
[White "Von Saldern, Ruediger"]
[Black "Minnican, Alan William"]
[Result "1-0"]
[WhiteElo "2048"]
[BlackElo "2110"]
[PlyCount "67"]
[EventDate "2006.10.15"]
[SourceDate "2006.10.28"]

1. d4 Nc6 2. e4 d5 3. e5 Bf5 4. Bb5 e6 5. Nf3 Nge7 6. Bg5 h6 7. Be3 a6 8. Ba4
Bg4 9. c3 Nf5 10. Nbd2 Be7 11. Qe2 O-O 12. h3 Nxe3 13. Qxe3 Bf5 14. g4 Bg6 15.
h4 b5 16. Bb3 Na5 17. Ke2 Nc4 18. Bxc4 dxc4 19. Rag1 c5 20. h5 Bd3+ 21. Kd1 Qa5
22. Ne1 cxd4 23. cxd4 Bh7 24. f4 c3 25. bxc3 Rac8 26. Rg3 b4 27. c4 Qxa2 28. g5
Bf5 29. gxh6 Rfd8 30. Rxg7+ Kh8 31. Rhg1 Qa1+ 32. Ke2 Qxd4 33. Rg8+ Kh7 34.
Qxd4 1-0

[Event "Guernsey Open"]
[Site "Guernsey GCI"]
[Date "2007.10.23"]
[Round "3"]
[White "Kamps, JW."]
[Black "Van Onzen, Jeroen"]
[Result "0-1"]
[WhiteElo "2077"]
[BlackElo "1988"]
[PlyCount "100"]
[EventDate "2006.10.15"]
[SourceDate "2006.10.28"]

1. e4 e5 2. Nf3 Nc6 3. Bb5 a6 4. Ba4 d6 5. c3 f5 6. exf5 Bxf5 7. O-O Bd3 8. Re1
Be7 9. Bc2 Bxc2 10. Qxc2 Qd7 11. d4 exd4 12. cxd4 Nf6 13. Nc3 O-O 14. Bg5 h6
15. Bh4 Kh8 16. Rad1 Nh5 17. Nd5 Rxf3 18. Nxe7 Rf7 19. Ng6+ Kg8 20. d5 Ne5 21.
Nxe5 dxe5 22. Rxe5 Qg4 23. Qe2 Qxh4 24. Rxh5 Qf6 25. Re5 Rd8 26. f3 Qg6 27. Re6
Qg5 28. Qd2 Qxd2 29. Rxd2 Rdd7 30. Rc2 Rf5 31. Re8+ Kh7 32. Rb8 b5 33. d6 Rxd6
34. g4 Rxf3 35. Kg2 Rfd3 36. Rf8 Rd2+ 37. Rf2 Rxc2 38. Rxc2 c5 39. Kf3 c4 40.
a4 Kg6 41. axb5 axb5 42. Ke4 Kg5 43. Rf2 g6 44. h4+ Kxg4 45. h5 Kxh5 46. Rh2+
Kg5 47. Ke5 Rc6 48. Rg2+ Kh5 49. Rh2+ Kg4 50. Rxh6 g5 0-1

[Event "Guernsey Open"]
[Site "Guernsey GCI"]
[Date "2007.10.23"]
[Round "3"]
[White "Ippel, Cornelius J"]
[Black "Dijksterhuis, Rolf"]
[Result "1-0"]
[WhiteElo "2042"]
[BlackElo "2076"]
[PlyCount "43"]
[EventDate "2006.10.15"]
[SourceDate "2006.10.28"]

1. Nc3 d5 2. e4 Nf6 3. exd5 Nxd5 4. Bc4 e6 5. Nf3 Be7 6. O-O O-O 7. Re1 c5 8.
Bxd5 exd5 9. Nxd5 Bd6 10. Ne3 Nc6 11. c3 b5 12. d4 c4 13. a4 Ba6 14. Nf5 b4 15.
Ng5 g6 16. Nh6+ Kg7 17. Nhxf7 Qd7 18. Nxd6 Qxd6 19. Ne6+ Kg8 20. Nxf8 Rxf8 21.
Qe2 Rf6 22. Bh6 1-0

[Event "Guernsey Open"]
[Site "Guernsey GCI"]
[Date "2007.10.23"]
[Round "3"]
[White "Bucher, Grant"]
[Black "Taylor, Geoffrey P"]
[Result "1/2-1/2"]
[WhiteElo "1904"]
[BlackElo "2063"]
[PlyCount "37"]
[EventDate "2006.10.15"]
[SourceDate "2006.10.28"]

1. e4 c5 2. Nf3 e6 3. d4 cxd4 4. Nxd4 Nc6 5. Nb5 d6 6. c4 a6 7. N5c3 Nf6 8. Be3
Bd7 9. Be2 Be7 10. O-O O-O 11. Na3 Ne5 12. f4 Ng6 13. Qd3 Bc6 14. Rad1 Qa5 15.
Nc2 Rfd8 16. Nd4 Bd7 17. g3 Rac8 18. Nb3 Qc7 19. Rd2 1/2-1/2

[Event "Guernsey Open"]
[Site "Guernsey GCI"]
[Date "2007.10.23"]
[Round "3"]
[White "Heppell, Ian N"]
[Black "Hickman, John"]
[Result "1-0"]
[WhiteElo "2150"]
[BlackElo "2002"]
[PlyCount "65"]
[EventDate "2006.10.15"]
[SourceDate "2006.10.28"]

1. e4 d6 2. d4 Nf6 3. Nc3 g6 4. Bc4 Bg7 5. Qe2 Nc6 6. e5 Nd7 7. Nf3 Nb6 8. Bb3
O-O 9. h3 Na5 10. Bf4 Nxb3 11. axb3 Bf5 12. Rd1 Qc8 13. O-O f6 14. Bg3 fxe5 15.
dxe5 Nd7 16. Nd5 Qd8 17. exd6 exd6 18. Qc4 b5 19. Qxc7 Rc8 20. Qxc8 Qxc8 21.
Ne7+ Kh8 22. Nxc8 Rxc8 23. Rxd6 Rxc2 24. Rfd1 Nf8 25. Rd8 Kg8 26. Be5 Bxe5 27.
Nxe5 Rxb2 28. Nd7 Bxd7 29. R1xd7 Rxb3 30. Rxa7 Rb1+ 31. Kh2 Rb2 32. Kg3 Rb3+
33. f3 1-0

[Event "Guernsey Open"]
[Site "Guernsey GCI"]
[Date "2007.10.23"]
[Round "3"]
[White "Galliano, Alex"]
[Black "Taylor, Mark V"]
[Result "1/2-1/2"]
[WhiteElo "2012"]
[BlackElo "2150"]
[PlyCount "105"]
[EventDate "2006.10.15"]
[SourceDate "2006.10.28"]

1. e4 e6 2. d4 d5 3. Nc3 Bb4 4. e5 c5 5. a3 Bxc3+ 6. bxc3 Ne7 7. Nf3 Nbc6 8.
Be2 Bd7 9. O-O Qa5 10. Bd2 f6 11. c4 Qc7 12. cxd5 Nxd5 13. c4 Nde7 14. exf6
gxf6 15. d5 exd5 16. cxd5 Nxd5 17. Bc4 Nde7 18. Bh6 Nf5 19. Re1+ Nce7 20. Qd2
O-O-O 21. Bf4 Qc6 22. Qa5 Ng6 23. Bb5 Qb6 24. Bxd7+ Rxd7 25. Qa4 Nd4 26. Nxd4
Rxd4 27. Re8+ Rxe8 28. Qxe8+ Rd8 29. Qe4 Nxf4 30. Qxf4 Qd6 31. Qf3 Qd3 32. Qh5
c4 33. h3 c3 34. Rc1 Kb8 35. Qc5 Rc8 36. Qe3 Qxe3 37. fxe3 c2 38. Kf2 Rc4 39.
Ke2 b5 40. Kd2 Kc7 41. Rxc2 Rxc2+ 42. Kxc2 Kd6 43. Kc3 a5 44. Kd4 h5 45. g3 b4
46. axb4 axb4 47. Kc4 Ke5 48. Kxb4 Ke4 49. h4 f5 50. Kc4 Kxe3 51. Kd5 Kf3 52.
Ke5 Kxg3 53. Kxf5 1/2-1/2

[Event "Guernsey Open"]
[Site "Guernsey GCI"]
[Date "2007.10.23"]
[Round "3"]
[White "Prins, Jan"]
[Black "Guttridge, David"]
[Result "1-0"]
[WhiteElo "2090"]
[BlackElo "2001"]
[PlyCount "83"]
[EventDate "2006.10.15"]
[SourceDate "2006.10.28"]

1. d4 e6 2. c4 f5 3. g3 d5 4. Nc3 c6 5. cxd5 exd5 6. Nf3 Nf6 7. Bh3 Bd6 8. Bg5
O-O 9. Qc1 Qe8 10. Bf4 Ne4 11. Qe3 Bxf4 12. gxf4 Nxc3 13. Qxe8 Rxe8 14. bxc3 g6
15. Rg1 Kf8 16. Ne5 Nd7 17. Kd2 Nxe5 18. fxe5 Be6 19. f3 Ke7 20. Rab1 b6 21. e3
f4 22. Bf1 fxe3+ 23. Kxe3 Bf5 24. Rb2 Rac8 25. Rb3 c5 {(=)} 26. Be2 c4 27. Rb5
Red8 28. Bd1 Rb8 29. Rg2 a6 30. Rb4 Rd7 31. h4 b5 32. a4 Rdb7 33. Rgb2 Bc8 34.
axb5 Rxb5 35. Rxb5 Rxb5 36. Rxb5 axb5 37. Kf4 h6 38. Bc2 Bf5 39. Bxf5 gxf5 40.
Ke3 Ke6 41. Kd2 f4 42. Kc2 1-0

[Event "Guernsey Open"]
[Site "Guernsey GCI"]
[Date "2007.10.23"]
[Round "3"]
[White "Spanton, Timothy R"]
[Black "Robinson, Tom"]
[Result "1/2-1/2"]
[WhiteElo "1985"]
[BlackElo "2090"]
[PlyCount "69"]
[EventDate "2006.10.15"]
[SourceDate "2006.10.28"]

1. e4 e6 2. d3 d5 3. Qe2 d4 4. Nf3 c5 5. g3 Nc6 6. Bg2 e5 7. Nbd2 Bg4 8. h3 Be6
9. Nc4 f6 10. a4 Nge7 11. Bd2 Nc8 12. O-O Qd7 13. Kh2 Nd6 14. Nxd6+ Bxd6 15.
Nh4 g5 16. Nf5 Bxf5 17. exf5 O-O-O 18. Be4 Ne7 19. Rab1 Nc6 20. Qf3 Kc7 21. Bd5
b6 22. Bc4 Ne7 23. Be6 Qc6 24. Qxc6+ Nxc6 25. f3 a5 26. Kg2 Rde8 27. Rh1 Nd8
28. Bd5 Be7 29. h4 Kd6 30. Be4 h6 31. Rh2 Nf7 32. Rbh1 Reg8 33. hxg5 fxg5 34.
Kf2 Bf6 35. g4 1/2-1/2

[Event "Guernsey Open"]
[Site "Guernsey GCI"]
[Date "2007.10.23"]
[Round "3"]
[White "Forbes, Garry"]
[Black "Khamroev, Ravshah"]
[Result "1/2-1/2"]
[WhiteElo "1634"]
[BlackElo "2083"]
[PlyCount "43"]
[EventDate "2006.10.15"]
[SourceDate "2006.10.28"]

1. d4 Nf6 2. Nf3 d5 3. e3 e6 4. c4 c6 5. Nbd2 Nbd7 6. Bd3 Bd6 7. O-O O-O 8. Re1
Qc7 9. e4 dxe4 10. Nxe4 Nxe4 11. Rxe4 Nf6 12. Re1 c5 13. Be3 Bd7 14. dxc5 Bxc5
15. Bxc5 Qxc5 16. Ne5 Bc6 17. Nxc6 Qxc6 18. Qe2 {(=)} Rfd8 19. Rad1 Rd6 20. Bc2
Rad8 21. Rxd6 Rxd6 22. Rd1 1/2-1/2

[Event "Guernsey Open"]
[Site "Guernsey GCI"]
[Date "2007.10.23"]
[Round "3"]
[White "Hamperl, Fred A"]
[Black "Van Ingen, Ton"]
[Result "1-0"]
[WhiteElo "2077"]
[BlackElo "1970"]
[PlyCount "51"]
[EventDate "2006.10.15"]
[SourceDate "2006.10.28"]

1. e4 d6 2. d4 g6 3. Nc3 Bg7 4. Be3 Nf6 5. Qd2 Ng4 6. Bg5 h6 7. Bh4 c6 8. h3
Nf6 9. f4 b5 10. Bd3 Bb7 11. Nf3 a6 12. e5 dxe5 13. fxe5 Nd5 14. e6 Qd6 15.
exf7+ Kxf7 16. O-O Nf6 17. Ne5+ Kg8 18. Nxg6 Qxd4+ 19. Bf2 Qd6 20. Rad1 e6 21.
Nxh8 Kxh8 22. Qe2 Bc8 23. Ne4 Qe7 24. Bc5 Qd8 25. Nxf6 Bxf6 26. Qe4 1-0

[Event "Guernsey Open"]
[Site "Guernsey GCI"]
[Date "2007.10.23"]
[Round "3"]
[White "Salimbeni, George"]
[Black "Williams, Peter A"]
[Result "1/2-1/2"]
[WhiteElo "2060"]
[BlackElo "1816"]
[PlyCount "42"]
[EventDate "2006.10.15"]
[SourceDate "2006.10.28"]

1. e4 e6 2. d4 d5 3. Nd2 Nf6 4. e5 Nfd7 5. Bd3 c5 6. c3 Nc6 7. Ne2 cxd4 8. cxd4
f6 9. exf6 Qxf6 10. Nf3 Bb4+ 11. Bd2 Bxd2+ 12. Qxd2 O-O 13. O-O e5 14. dxe5
Ndxe5 15. Nxe5 Nxe5 16. Bc2 Be6 17. f4 Nc4 18. Qd3 Qf5 19. Qc3 Qf6 20. Qd3 Qf5
21. Qc3 Qf6 1/2-1/2

[Event "Guernsey Open"]
[Site "Guernsey GCI"]
[Date "2007.10.23"]
[Round "3"]
[White "Morcom, Huw C"]
[Black "Burton, Ron"]
[Result "1/2-1/2"]
[WhiteElo "1978"]
[BlackElo "2052"]
[PlyCount "41"]
[EventDate "2006.10.15"]
[SourceDate "2006.10.28"]

1. e4 g6 2. d4 Bg7 3. Nf3 d6 4. Nbd2 e5 5. c3 Nc6 6. Bc4 Nh6 7. O-O O-O 8. dxe5
dxe5 9. Re1 Qe7 10. Qe2 Be6 11. Nf1 Nd8 12. Ne3 c6 13. a4 f6 14. b3 Re8 15. Ba3
Qc7 16. Rad1 Nhf7 17. Bxe6 Nxe6 18. Qc4 Bf8 19. Bxf8 Kxf8 20. Rd2 Qe7 21. Red1
1/2-1/2

[Event "Guernsey Open"]
[Site "Guernsey GCI"]
[Date "2007.10.23"]
[Round "3"]
[White "Westerkamp, Bert"]
[Black "Gravett, Alan D"]
[Result "1/2-1/2"]
[WhiteElo "2093"]
[BlackElo "1961"]
[PlyCount "66"]
[EventDate "2006.10.15"]
[SourceDate "2006.10.28"]

1. Nf3 g6 2. g3 Bg7 3. Bg2 e5 4. d3 d5 5. Nbd2 Ne7 6. e4 dxe4 7. dxe4 O-O 8. c3
Nd7 9. O-O b6 10. Re1 Nc5 11. Nc4 Nd3 12. Re3 Nxc1 13. Rxc1 Qe8 14. Rd3 Ba6 15.
Qb3 Qb5 16. Qxb5 Bxb5 17. b3 Nc6 18. Rd7 Nd4 19. cxd4 Bxd7 20. Ncxe5 Bb5 21. a4
Ba6 22. Bh3 Bc8 23. Bf1 Bb7 24. Bc4 Bxe5 25. dxe5 h6 26. e6 fxe6 27. Bxe6+ Kg7
28. Rxc7+ Kf6 29. Rxb7 Kxe6 30. Kg2 Rac8 31. Rxa7 Rc3 32. Nh4 Rc2 33. Nf3 Rc3
1/2-1/2

[Event "Guernsey Open"]
[Site "Guernsey GCI"]
[Date "2007.10.23"]
[Round "3"]
[White "Van Hoek, Wilhelmus J"]
[Black "Havenaar, Jan"]
[Result "1-0"]
[WhiteElo "1926"]
[BlackElo "2196"]
[PlyCount "63"]
[EventDate "2006.10.15"]
[SourceDate "2006.10.28"]

1. e4 g6 2. d4 Bg7 3. c3 d6 4. Bc4 Nf6 5. Qe2 O-O 6. Nf3 c6 7. Bb3 Qc7 8. O-O
e5 9. dxe5 dxe5 10. Rd1 Na6 11. Bc2 Nc5 12. b4 Ne6 13. a4 Re8 14. g3 b6 15. Na3
Nd8 16. Ne1 Nb7 17. Nc4 Be6 18. f3 c5 19. b5 Rad8 20. Be3 Nh5 21. Ng2 f5 22.
Bg5 Rxd1+ 23. Rxd1 h6 24. Bc1 Qf7 25. Nd6 Nxd6 26. Rxd6 Bf8 27. Rd1 f4 28. gxf4
exf4 29. e5 Be7 30. Be4 Rd8 31. Rxd8+ Bxd8 32. Qd3 1-0

[Event "Guernsey Open"]
[Site "Guernsey GCI"]
[Date "2007.10.23"]
[Round "3"]
[White "Nicholson, J."]
[Black "Lohou, Stephane"]
[Result "0-1"]
[WhiteElo "1910"]
[BlackElo "2161"]
[PlyCount "58"]
[EventDate "2006.10.15"]
[SourceDate "2006.10.28"]

1. e4 c5 2. Nf3 e6 3. c3 Nf6 4. Bd3 d6 5. O-O Be7 6. Bc2 O-O 7. d4 cxd4 8. cxd4
Nc6 9. Nc3 e5 10. d5 Nb8 11. a4 {(=)} a5 12. h3 Na6 13. Kh1 Nb4 14. Bb1 Ne8 15.
g4 Bd7 16. Nh2 Bg5 17. f4 Bxf4 18. Bxf4 exf4 19. Rxf4 h6 20. Ne2 Nf6 21. Ng3
Rc8 22. h4 Nh7 23. Nf5 Bxf5 24. gxf5 Qf6 25. Qd2 Rc7 26. Ra3 Rfc8 27. Rf1 Nc2
28. Rc3 Rxc3 29. bxc3 Na3 0-1

[Event "Guernsey Open"]
[Site "Guernsey GCI"]
[Date "2007.10.23"]
[Round "3"]
[White "Tunstall, George"]
[Black "Thurlow, Kevin J"]
[Result "0-1"]
[WhiteElo "1895"]
[BlackElo "2091"]
[PlyCount "46"]
[EventDate "2006.10.15"]
[SourceDate "2006.10.28"]

1. d4 Nf6 2. c4 c5 3. d5 b5 4. cxb5 a6 5. bxa6 Bxa6 6. Nc3 d6 7. e4 Bxf1 8.
Kxf1 g6 9. Nge2 Nbd7 10. g3 Bg7 11. Kg2 O-O 12. Qc2 Qb6 13. Bd2 Rfb8 14. Rhb1
c4 15. Be3 Nc5 16. f3 e6 17. dxe6 fxe6 18. Nf4 Re8 19. Na4 Rxa4 20. Bxc5 Qa5
21. Ba3 d5 22. Ne2 Nd7 23. b4 cxb3 0-1

[Event "Guernsey Open"]
[Site "Guernsey GCI"]
[Date "2007.10.23"]
[Round "3"]
[White "Pickersgill, Adrian"]
[Black "Ryan, Julian"]
[Result "1-0"]
[WhiteElo "2088"]
[BlackElo "1885"]
[PlyCount "99"]
[EventDate "2006.10.15"]
[SourceDate "2006.10.28"]

1. e4 e5 2. Nf3 Nc6 3. Bb5 a6 4. Ba4 Nf6 5. d3 b5 6. Bb3 Be7 7. O-O O-O 8. Re1
d6 9. c3 Bg4 10. h3 Bh5 11. Nbd2 Na5 12. Bc2 c5 13. Nf1 Nd7 14. Ng3 Bg6 15. d4
Re8 16. a4 Qc7 17. d5 c4 18. axb5 axb5 19. Be3 Nc5 20. Qe2 Nab3 21. Rxa8 Rxa8
22. Nd2 Na1 23. Bb1 Na4 24. Ndf1 Qa5 25. f4 exf4 26. Bxf4 f6 {(=)} 27. Ne3 Qb6
28. Kh2 Nb3 29. Ngf5 Bf8 30. g4 Re8 31. h4 Nac5 32. h5 Bf7 33. Ng3 g5 34. hxg6
hxg6 35. g5 Be7 36. gxf6 Bxf6 37. Rg1 Kf8 38. Qg4 Nd2 39. Bc2 Ke7 40. Qe2 Ndb3
41. Ng4 Bg7 42. Kg2 Kd8 43. Bg5+ Kc8 44. Qf3 Rf8 45. Be7 Nd2 46. Qf4 Bxd5 47.
Bxf8 Ncxe4 48. Nxe4 Be5 49. Nxe5 dxe5 50. Qxd2 1-0

[Event "Guernsey Open"]
[Site "Guernsey GCI"]
[Date "2007.10.23"]
[Round "3"]
[White "De Kruif, Kees"]
[Black "Heath, Jeffrey"]
[Result "1/2-1/2"]
[WhiteElo "2063"]
[BlackElo "1930"]
[PlyCount "57"]
[EventDate "2006.10.15"]
[SourceDate "2006.10.28"]

1. b4 e5 2. Bb2 d6 3. e3 Bf5 4. Nf3 Nd7 5. Be2 Be7 6. O-O Ngf6 7. d3 O-O 8. c4
c5 9. b5 a6 10. Nc3 a5 11. a4 Nb6 12. e4 Be6 13. Ng5 Bd7 14. Nf3 Be6 15. Kh1
Ne8 16. Ng1 Bg5 17. Bc1 Bxc1 18. Qxc1 Qe7 19. f4 exf4 20. Qxf4 Qf6 21. Qd2 Qe7
22. Rf2 Nf6 23. Raf1 Ng4 24. Bxg4 Bxg4 25. Nge2 Bxe2 26. Qxe2 Qe5 27. Qd2 g6
28. h3 h5 29. Kg1 1/2-1/2

[Event "Guernsey Open"]
[Site "Guernsey GCI"]
[Date "2007.10.23"]
[Round "3"]
[White "Lazarus, Sam"]
[Black "Fassaert, DJM."]
[Result "1/2-1/2"]
[WhiteElo "1855"]
[BlackElo "2009"]
[PlyCount "41"]
[EventDate "2006.10.15"]
[SourceDate "2006.10.28"]

1. e4 c6 2. d4 d5 3. f3 e6 4. Nc3 Nf6 5. Be3 b6 6. Qd2 Bb4 7. e5 Nfd7 8. a3 Be7
9. Nd1 Ba6 10. Bxa6 Nxa6 11. Ne2 c5 12. c3 Rc8 13. O-O O-O 14. Nf2 Rc6 15. Rac1
Qc7 16. b4 cxb4 17. cxb4 b5 18. Rxc6 Qxc6 19. Rc1 Qb7 20. Nd3 Nb6 21. Nc5
1/2-1/2